UM Logo

Theories of delinquency : (Record no. 7018)

MARC details
000 -LEADER
fixed length control field 01200nam a2200193 4500
008 - FIXED-LENGTH DATA ELEMENTS--GENERAL INFORMATION
fixed length control field 170713b xxu||||| |||| 00| 0 eng d
020 ## - INTERNATIONAL STANDARD BOOK NUMBER
International Standard Book Number 0-19-508731-3 (pbk.)
082 ## - DEWEY DECIMAL CLASSIFICATION NUMBER
Edition number 1996
Classification number DC 364.36
Item number Sh7
100 ## - MAIN ENTRY--PERSONAL NAME
9 (RLIN) 21224
Personal name Shoemaker, Donald J
245 ## - TITLE STATEMENT
Title Theories of delinquency :
Remainder of title an examination of explanations of delinquent behavior /
Statement of responsibility, etc. Donald J. Shoemaker.
250 ## - EDITION STATEMENT
Edition statement Third Edition
260 ## - PUBLICATION, DISTRIBUTION, ETC. (IMPRINT)
Place of publication, distribution, etc. New York :
Name of publisher, distributor, etc. Oxford University Press,
Date of publication, distribution, etc. c1996.
300 ## - PHYSICAL DESCRIPTION
Extent xi, 284 pages :
Other physical details illustrations ;
Dimensions 21 cm.
500 ## - GENERAL NOTE
General note Includes bibliographical references and indexes.
505 ## - FORMATTED CONTENTS NOTE
Formatted contents note Contents<br/>1 Explanations of Delinquency 3<br/>2 The Classical School - Issues of Choice and Reasoning 12<br/>3 Biological and Biosocial Explanations 21<br/>4 Psychological Theories 47<br/>5 Social Disorganization and Anomie 75<br/>6 Lower-Class-Based Theories of Delinqueucy 103<br/>7 Interpersonal and Situational Explanations 134<br/>8 Control Theories 156<br/>9 Labeling Theory 191<br/>10 The Radical Theory of Delinquency 208<br/>11 Female Delinquency 226<br/>12 Delinquency Theory: An Integrative Approach 251<br/> Author Index 269<br/> Subject Index 281<br/>
650 #0 - SUBJECT ADDED ENTRY--TOPICAL TERM
9 (RLIN) 21225
Topical term or geographic name as entry element Juvenile delinquency
365 ## - TRADE PRICE
Price amount 898.00
Currency code Php
942 ## - ADDED ENTRY ELEMENTS (KOHA)
Source of classification or shelving scheme Dewey Decimal Classification
Koha item type Circulation
Holdings
Withdrawn status Lost status Source of classification or shelving scheme Damaged status Not for loan Collection code Home library Current library Date acquired Source of acquisition Cost, normal purchase price Total Checkouts Full call number Barcode Date last seen Copy number Price effective from Koha item type
    Dewey Decimal Classification     Circulation UM Digos College - LIC UM Digos College - LIC 10/30/1996 Purchased 898.00   DC 364.36 Sh7 1996 12179 05/15/2025 1 07/13/2017 Circulation